Patch dynamics

محفوظ في:
التفاصيل البيبلوغرافية
المؤلفون الرئيسيون: Levin, Simon A (مؤلف), Powell, T. M (مؤلف), Steele, John H (مؤلف)
التنسيق: كتاب
اللغة:الإنجليزية
منشور في: Berlín Springer 1993
سلاسل:Lecture Notes in Biomathematics, 96
الموضوعات:
الوسوم: إضافة وسم
لا توجد وسوم, كن أول من يضع وسما على هذه التسجيلة!

MARC

LEADER 00000nam a2200000 a 4500
001 UCT5633
003 CL-VaPUC
008 961216e19930000GW |||||||||||||||||eng|d
082 0 4 |a 577.7  |b LEV  |2 21 
100 |a Levin, Simon A  |e author  |9 619189 
700 0 |a Powell, T. M  |e author  |9 375245 
700 0 |a Steele, John H  |e author  |9 375246 
245 1 0 |a Patch dynamics 
300 |a 307 p 
942 |c BK 
945 |d 19961216 00:00:00  |a nastorga 
260 |a Berlín  |b Springer  |c 1993 
650 0 |a Ecología marina   |9 259946 
650 7 |a ECOSISTEMA  |2 CL-VaPUC  |9 347937 
650 0 |a Medio ambiente  |9 257625 
650 0 |a Diversidad  |9 375247 
650 0 |a Comunidades  |9 337024 
650 0 |a Fitoplancton   |9 261810 
650 0 |a Investigación  |9 257811 
650 0 |a Metodología   |9 256610 
650 0 |a Estadística   |9 259535 
583 |a last modification  |c 19961216 00:00:00  |k Rodrigo Vera 
490 0 |a Lecture Notes in Biomathematics, 96 
999 |c 254523  |d 254521 
952 |0 0  |1 0  |2 ddc  |4 0  |6 577_700000000000000_LEV_1993  |7 0  |8 CCM  |9 276237  |a BIBCUR  |b BIBCUR  |c PAC  |d 2019-11-19  |i 326050K  |o 577.7 LEV 1993  |p 326050K  |r 2025-04-22  |w 2019-11-19  |y BK  |k CIM